1755 1856 1061 1651 1715 1386 1348 1201 1593 1958 1118 1143 1896 1436 1077 1394 1078 1230 1712 1752 1577 1864 1165 1550 1353 1271 1046 1553 1670 1720 1909 1579 1364 1127 1691 1501 1016 1194 1430 1941 1251 1254 1626 1241 1797 1042 1075 1693 1432 1515 1699 1391 1381 1897 1329 1594 1048 1879 1657 1971 1081 1159 1636 1596 1672 1190 1126 1085 1167 1318 1820 1076 1762 1544 1074 1872 1528 1312 1884 1231 1018 1927 1003 1652 1995 1667 1883 1684 1699 1062 1741 1930 1965 1432 1149 1403 1084 1312 1341 BCNSPRNW ULIB Ver.6.0+V

เปลี่ยนเป็นภาษาไทย

Change to English
 แสดงรายละเอียดบรรณานุกรม
  กลับหน้าหลัก

Brief Record : Get Marc (ISO 2709) : E-mail record : QR code < ปิดหน้าต่าง
LEADER : 00000nam 2200000uu 4500
001    13399120169
003     ULIB
008    120905s2554||||th 000 0 tha d
020    ^a9786161105808
060  4 ^aQV786^bพ887ก
245 00 ^aการผลิตยาปราศจากเชื้อและน้ำยาฆ่าเชื้อ /^cเพ็ญนภา ศรีหริ่ง ... [และคนอื่นๆ]
250    ^aพิมพ์ครั้งที่ 1.
260    ^aกรุงเทพฯ :^bโครงการสวัสดิการวิชาการ สถาบันพระบรมราชชนก,^c2554.
300    ^a[12], 182 หน้า :^bภาพประกอบ ;^c26 ซม.
500    ^aจัดพิมพ์โดย โครงการสวัสดิการวิชาการ สถาบันพระบรมราชชนก
504    ^aมีบรรณานุกรมและดัชนี
650  4 ^aสารต้านการติดเชื้อ
650  4 ^aน้ำยาฆ่าเชื้อ^xการผลิต
650  4 ^aยาปราศจากเชื้อ^xการผลิต
700 0  ^aกาญจนา สานุกูล
700    ^aอวิรุทธิ์ สิงห์กุล
700    ^aชุติมา วิจิตรานุวัตร
710    ^aสถาบันพระบรมราชชนก. ^bโครงการสวัสดิการวิชาการ
945    ^p210^l0^i032800
945    ^p210^l0^i032801
945    ^p210^l0^i032802
945    ^p210^l0^i034375
995    ^aทศพร
999    ^aทศพร
รายการนี้ยังไม่มีแท็ก
คุณยังไม่ได้ล็อกอิน คุณสามารถมีกิจกรรมร่วมกับเว็บไซต์ได้ แต่ต้องล็อกอินก่อน ::
  ล็อกอิน

รายการสื่อสารสนเทศ

ลำดับที่ ประเภท เลขเรียก/บาร์โค้ด สถานที่ สถานะ
1. วิทยาศาสตร์การแพทย์ และสุขภาพ
หนังสือสำรอง
สถานะ=หนังสือสำรอง
QV786 พ887ก ฉ.1 
  Barcode: 032800
ห้องสมุดวิทยาเขตสวรรค์ประชารักษ์
►ส่วนจัดเก็บหนังสือเก่า สปร
บนชั้น
  ขอยืม
2. วิทยาศาสตร์การแพทย์ และสุขภาพ
วิทยาศาสตร์การแพทย์ และสุขภาพ
QV786 พ887ก ฉ.2 
  Barcode: 032801
ห้องสมุดวิทยาเขตสวรรค์ประชารักษ์
►ส่วนจัดเก็บหนังสือเก่า สปร
บนชั้น
  ขอยืม
3. วิทยาศาสตร์การแพทย์ และสุขภาพ
วิทยาศาสตร์การแพทย์ และสุขภาพ
QV786 พ887ก ฉ.3 
  Barcode: 032802
ห้องสมุดวิทยาเขตสวรรค์ประชารักษ์
►ส่วนจัดเก็บหนังสือเก่า สปร
บนชั้น
  ขอยืม
4. Book การพยาบาล
Book การพยาบาล
QV786 พ887ก ฉ.4 
  Barcode: 034375
ห้องสมุดวิทยาเขตสวรรค์ประชารักษ์
►ส่วนจัดเก็บหนังสือเก่า สปร
บนชั้น
  ขอยืม
Note:อภินันทนาการ จาก โครงการสวัสดิการวิชาการ สบช

รายการใกล้เคียง
    หัวเรื่อง [สารต้านการติดเชื้อ]

BibComment


ยังไม่เคยถูกคอมเมนท์

คอมเมนท์ทรัพยากรรายการนี้
  คอมเมนท์: การผลิตยาปราศจาก..


 Copyright 2026. Bcnsprnw @Library